Determination of dry rubber content of natural rubber latex by microwave drying: A novel method (Record no. 56887)

MARC details
000 -LEADER
fixed length control field 00516nam a2200133Ia 4500
100 ## - MAIN ENTRY--AUTHOR NAME
Personal name Alex R
245 #0 - TITLE STATEMENT
Title Determination of dry rubber content of natural rubber latex by microwave drying: A novel method
260 ## - PUBLICATION, DISTRIBUTION, ETC. (IMPRINT)
Name of publisher PLACROSYM XIX, 7-10 December 2010, Kottayam. Climate Change. 19th Biennial Symposium on Plantation Crops. Abstracts.pp.146-147.
650 ## - SUBJECT ADDED ENTRY--TOPICAL TERM
Topical Term Dry rubber content
650 ## - SUBJECT ADDED ENTRY--TOPICAL TERM
Topical Term Microwave oven drying
650 ## - SUBJECT ADDED ENTRY--TOPICAL TERM
Topical Term Natural rubber latex
942 ## - ADDED ENTRY ELEMENTS (KOHA)
Koha item type Journals
Holdings
Withdrawn status Lost status Damaged status Not for loan Home library Current library Shelving location Date acquired Koha item type
      Journals RRII Library RRII Library Rubber technology 02/02/2011 Journals